| 000 | 00965nam a2200277 a 4500 | ||
|---|---|---|---|
| 001 | 4903352 | ||
| 003 | OSt | ||
| 005 | 20180117090005.0 | ||
| 008 | 931217s1992 pk 000 0 eng | ||
| 010 | _a 93930042 | ||
| 020 |
_a9694071402 : _cRs195.00 ($12.50 U.S.) |
||
| 025 | _aP-E-019459 13/7-89 | ||
| 040 |
_aDLC _cDLC |
||
| 042 | _alcode | ||
| 043 | _aa-pk--- | ||
| 050 | 0 | 0 |
_aHD8690.5 _b.K47 1992 |
| 100 | 1 | _aKhan, Badiuddin A. | |
| 245 | 1 | 0 |
_aStructure of industrial relations in Pakistan / _cBadiuddin A. Khan. |
| 260 |
_aKarachi, Pakistan : _bRoyal Book Co., _c1992. |
||
| 300 |
_aix, 159 p. ; _c23 cm. |
||
| 650 | 0 |
_aIndustrial relations _zPakistan. |
|
| 906 |
_a7 _bcbc _corigode _d3 _encip _f19 _gy-gencatlg |
||
| 942 |
_2ddc _cBK |
||
| 999 |
_c3410 _d3410 |
||